Znajdź elementy flag na rysunku - Statystyki

Ogólne statystyki
  • Ten quiz został rozwiązany 29 765 razy
  • Średni wynik to 7 z 12
Odpowiedzi na mapie
Odpowiedzi zakodowano w zielono-czerwonej skali na mapie do tego quizu, zgodnie z poniższymi procentami.
 
Statystyki odpowiedzi
Odpowiedź % Poprawnych
Albania
85%
Kenia
77%
Bhutan
76%
Australia
70%
Liban
70%
Kambodża
65%
Sri Lanka
63%
Pakistan
51%
Barbados
47%
Uganda
44%
Malawi
41%
Indie
39%
Nie znaleziono quizów pasujących do podanych kryteriów
Rozkład punktacji
Procent ludzi z każdym wynikiem
Percentyl według liczby udzielonych odpowiedzi
Twoja historia wyników
Nie rozwiązałeś tego quizu